01038nam a2200229 a 450000500170000000800410001702000180005804000240007604100080010004300120010804400070012008200180012724502470014526000770039230000550046950000220052450400520054665000730059865000510067165100360072270000500075820200103123848.0140531s2007 ck a gr 000 0dspa d a9789584417121 aCO-BoBLA cCO-BoBLA aspa as-ck--- ack04a333.72 bA14s00aSoporte conceptual del sistema de información ambiental territorial del pacífico colombiano : buna herramienta pertinente para la gestión de la información ambiental en la eco-región ccompilación Helcías José Ayala Mosquera. aQuibdo,bInstituto de Investigaciones Ambientales del Pacífico,c2007. a46 páginas : bilustraciones ; c26.8 x 21.2 cm. aGlosario : p. 43. aIncluye referencias bibliográficas (p. 45-46) 0aSistemas de información ambientalzPacífico (Región, Colombia) 0aMedio ambientezRegión pacífica (Colombia) 0aPacífica (Región, Colombia)1 aAyala Mosquera, Helcias José, ecompilador.